Online Catalogue and eLibrary

Mathara aththamma (Record no. 4927)

MARC details
000 -LEADER
fixed length control field 00392nam a2200157Ia 4500
005 - DATE AND TIME OF LATEST TRANSACTION
control field 20250430064244.0
008 - FIXED-LENGTH DATA ELEMENTS--GENERAL INFORMATION
fixed length control field 240331s9999 xx 000 0 und d
020 ## - INTERNATIONAL STANDARD BOOK NUMBER
ISBN 9559654802
082 ## - DDC Classification
Item Number - Author Mark DES
Class No. 891
100 ## - MAIN ENTRY--PERSONAL NAME
Personal name De Silva,H.G.G
245 #0 - TITLE STATEMENT
Title Mathara aththamma
260 ## - PUBLICATION, DISTRIBUTION, ETC.
Place of publication, distribution, etc. Dehiwala
Name of publisher, distributor, etc. Sri Devi Publishers & Printers
Date of publication, distribution, etc. 1998
300 ## - PHYSICAL DESCRIPTION
Extent (e.g. Volumes, Pages etc.) 255 p .,
500 ## - GENERAL NOTE
General note A Sinhalese Novel
942 ## - Koha item type (Biblio)
Koha item type Books in Stacks (Lending)
Holdings
Lost status Damaged status Collection code Home library Current library Shelving location Date acquired Full call number Accession Number Item type
    Lending WERC Library WERC Library Social Science Cupboard 03/31/2024 891.482 DES 2867 Books in Stacks (Lending)

© WERC Library